Бялата бреза (Запис номер 155041)
[ съкратено ]
| 000 -Лидер | |
|---|---|
| Контролно поле с фиксирана дължина | 01317nam a2200301 c 4500 |
| 003 - Код на организацията, давaща контролен номер | |
| Контролно поле | BLK |
| 005 - Дата и час на последна редакция | |
| Контролно поле | 20180422113332.0 |
| 008 - Елементи от данни с фиксирана дължина | |
| fixed length control field | 180410b bul|||||r ||||||| ||bul|| |
| 010 ## - Наследен системен номер | |
| LC control number | KNG00161696000 |
| 040 ## - Източник на каталожния запис | |
| Идентификатор на билиотеката - собственик на записа | BLK |
| 041 ## - Код за език | |
| Код за езика на текст/звукозапис или на отделно заглавие | Български |
| Код за езика КДБФ | Български |
| 080 ## - УДК | |
| Текстов определител УДК | Руска литература |
| УДК код - определител по УДК | 821.161.1 |
| УДК определител | -31 |
| УДК - код + определител | 821.161.1-31 |
| 100 1# - Редна дума - Автор | |
| Автор | Бубьонов, Михаил Семьонович |
| Авторска отговорност | първи автор |
| R(LIN) | 43627 |
| 139 ## - Редно поле | |
| Редна дума | Бубьонов, Михаил Семьонович |
| Авторски знак | Бу - Б 84 |
| 245 10 - Сведения за заглавието | |
| Заглавие | Бялата бреза |
| Подзаглавни данни | Роман : Кн. 1 - |
| Редно поле (дума) | Михаил Семьонович Бубьонов; прев. на том Борис Светлинов. |
| Том | Кн. 1 |
| 257 ## - Страна на издаване | |
| Страна на създаване/издаване | СССР |
| 260 ## - Област на издателските данни | |
| -- | София |
| Име на издателя, разпространителя и проч. | БКП |
| Година на издаване | 1949 - |
| 300 ## - Физическа характеристика | |
| Размери/Мащаб | 20 см |
| 380 ## - Жанр | |
| Жанр | Худож. лит. |
| 500 ## - Общи забележки | |
| Забележка | Кн. получила Сталинска награда за 1947 г. |
| 700 1# - Други автори (авторска отговорност) | |
| Лично име | Светлинов, Борис |
| Автороска отговорност (Описва отношението между автора и произведението) | прев. на том |
| Друга информация | Стефанов, Борис Илиев |
| 9 (RLIN) | 367516 |
| 760 1# - Описание на основната серия | |
| Редна дума на основното описание | Бубьонов, Михаил Семьонович |
| Място на издаване, издател и година | 1949 |
| Страници - том | 360 с. |
| Забележка - том | 10 000 тир. |
| Заглавие | Кн. 1 |
| 852 ## - Местоположение | |
| Форматна сигнатура | Цб 8.200.33940 |
| 856 4# - Електронен адрес и достъп | |
| Електронен формат | pdf - файл |
| Път до файла /url/ | |
| 856 4# - Електронен адрес и достъп | |
| Електронен формат | pdf - файл |
| Път до файла /url/ | |
| 942 ## - АРТИКУЛИ | |
| Вид на библиотечния материал | Книги |
| Скрит в OPAC | Не |
| 944 ## - СЪЗДАВАНЕ И РЕДАКЦИЯ на ЗАПИСА | |
| Създаване/Редакция | Създаване |
| Дата на регистрацията/редакция | 05.06.2014 |
| Статус, дата на статуса | 05.06.2014 - от С1,Р / 05.06.2014 |
| Служител, извършил регистрацията/редакцията | Геновева_Генчева |
| 944 ## - СЪЗДАВАНЕ И РЕДАКЦИЯ на ЗАПИСА | |
| Създаване/Редакция | Редакция |
| Дата на регистрацията/редакция | 05.06.2014 |
| Статус, дата на статуса | 05.06.2014 - от С1,Р / 05.06.2014 |
| Служител, извършил регистрацията/редакцията | |
| 999 ## - СИСТЕМНИ КОНТРОЛНИ НОМЕРА | |
| Koha biblionumber | 155041 |
| Koha biblioitemnumber | 155041 |
| Код за отписване | Код за изгубен артикул | Източник на класификационната схема | Код за повреда | Коз за рестрикции | Код за отдаване | Артикулен № | Име на библиотеката - собственик | Име на библиотеката, в която се намира в момента | Статус (Текущо местоположение) | Дата на вписване в системата | Местоположение - отдел | Цена в лева | Инвентарен номер | Систематично азбучна сигнатура | Баркод | Номер на екземпляра | Цена в евро | Служебна бележка | Служебен тип на артикула |
|---|---|---|---|---|---|---|---|---|---|---|---|---|---|---|---|---|---|---|---|
| Не е изгубен | Universal Decimal Classification | Не е повреден | само за читалня | ползва се в читалня | 259887 | Регионална библиотека "Любен Каравелов" Русе | Регионална библиотека "Любен Каравелов" Русе | Хранилище | 1949-01-01 | Основен фонд - ползва се само за читалня | 0.45 | 33940а | Цб 8.200.33940 | 900000071651 | 1 | 0.23 | N: стар фонд Дата: 01.01.1949 | Книги | |
| Изтеглен | Не е изгубен | Universal Decimal Classification | Не е повреден | без рестрикции | заемане за дома | 259888 | Регионална библиотека "Любен Каравелов" Русе | Регионална библиотека "Любен Каравелов" Русе | Заемна - подръчен фонд | 1949-01-01 | Заемна - подръчен фонд | 0.00 | 33940б | П 882-31/Б 84 | 33940б | 2 | 0.00 | N: стар фонд Дата: 01.01.1949 | Книги |
| Изтеглен | Не е изгубен | Universal Decimal Classification | Не е повреден | без рестрикции | заемане за дома | 259889 | Регионална библиотека "Любен Каравелов" Русе | Регионална библиотека "Любен Каравелов" Русе | Заемна - подръчен фонд | 1949-01-01 | Заемна - подръчен фонд | 0.00 | 33940в | П 882-31/Б 84 | 33940в | 3 | 0.00 | N: стар фонд Дата: 01.01.1949 | Книги |